[Event "Ruhrgebiet Verbandsliga Gruppe 1 1415"]
[Site "Germany"]
[Date "2015.02.08"]
[Round "6"]
[White "Loeffelbein, Klaus"]
[Black "Folke, Christof"]
[Result "1-0"]
[WhiteElo "1850"]
[BlackElo "1840"]
[PlyCount "93"]
[EventDate "2014.09.21"]
[EventType "team-tourn"]
[EventRounds "9"]
[EventCountry "GER"]
[SourceTitle "EXT 2022"]
[Source "ChessBase"]
[SourceDate "2021.10.06"]
[SourceVersion "1"]
[SourceVersionDate "2021.10.06"]
[SourceQuality "1"]
[WhiteTeam "Gerthe Werne"]
[BlackTeam "Steele/Kray Rochade"]
[WhiteTeamCountry "GER"]
[BlackTeamCountry "GER"]

1. d4 Nf6 2. c4 c5 3. d5 e6 4. Nc3 exd5 5. cxd5 d6 6. e4 g6 7. Qa4+ Nfd7 8. Nf3 Bg7 9. Bf4 0-0 10. Be2 f6 11. 0-0 Ne5 12. Nd2 Nbd7 13. Bg3 Nb6 14. Qc2 a6 15. a4 Qe7 16. h3 Bd7 17. f4 Nf7 18. a5 Nc8 19. Nc4 Re8 20. Bd3 Qd8 21. Qf2 f5 22. Qf3 b5 23. axb6 Nxb6 24. Rfe1 Nxc4 25. Bxc4 Qb6 26. Re2 fxe4 27. Nxe4 Bxb2 28. Rae1 Bg7 29. Bh4 Qb4 30. Ba2 Qd4+ 31. Bf2 Qa4 32. g4 Rf8 33. Qg3 Bb5 34. Rd2 Qb4 35. Rdd1 Qa5 36. Bb1 Qd8 37. Rc1 a5 38. h4 Nh6 39. Ng5 Bd7 40. h5 Nxg4 41. hxg6 Nxf2 42. Kxf2 Qf6 43. Rc4 Qb2+ 44. Kg1 Bd4+ 45. Kh1 Rae8 46. gxh7+ Kg7 47. Nf7+ 1-0

[Event "Ruhrgebiet Verbandsliga Gruppe 1 1415"]
[Site "Germany"]
[Date "2015.01.18"]
[Round "5"]
[White "Funke, Eckhard"]
[Black "Folke, Christof"]
[Result "1-0"]
[WhiteElo "1820"]
[BlackElo "1840"]
[PlyCount "75"]
[EventDate "2014.09.21"]
[EventType "team-tourn"]
[EventRounds "9"]
[EventCountry "GER"]
[SourceTitle "EXT 2022"]
[Source "ChessBase"]
[SourceDate "2021.10.06"]
[SourceVersion "1"]
[SourceVersionDate "2021.10.06"]
[SourceQuality "1"]
[WhiteTeam "Hoentrop SG"]
[BlackTeam "Steele/Kray Rochade"]
[WhiteTeamCountry "GER"]
[BlackTeamCountry "GER"]

1. d4 Nf6 2. c4 g6 3. Nc3 d5 4. cxd5 Nxd5 5. e4 Nxc3 6. bxc3 Bg7 7. Qa4+ c6 8. Nf3 0-0 9. Be2 Bg4 10. 0-0 Nd7 11. Bg5 Re8 12. h3 b5 13. Qa3 Bxf3 14. Bxf3 f6 15. Qb3+ Kh8 16. Be3 e5 17. d5 Qc7 18. c4 cxd5 19. cxd5 a6 20. Rac1 Qd8 21. Rc6 Bf8 22. Bg4 f5 23. exf5 Nb8 24. Bb6 Nxc6 25. Bxd8 Nxd8 26. fxg6 hxg6 27. Qc2 Kg7 28. h4 Nf7 29. h5 Nh8 30. hxg6 Nxg6 31. Bh5 e4 32. Qc6 Ne5 33. Qb7+ Kf6 34. Bxe8 Rxe8 35. Qxa6+ Kf5 36. Qxb5 Rd8 37. Re1 Ng4 38. d6+ 1-0

[Event "Ruhrgebiet Verbandsliga Gruppe 1 1415"]
[Site "Germany"]
[Date "2014.10.19"]
[Round "2"]
[White "Folke, Christof"]
[Black "Doenges, Dirk"]
[Result "0-1"]
[WhiteElo "1840"]
[BlackElo "1755"]
[PlyCount "116"]
[EventDate "2014.09.21"]
[EventType "team-tourn"]
[EventRounds "9"]
[EventCountry "GER"]
[SourceTitle "EXT 2022"]
[Source "ChessBase"]
[SourceDate "2021.10.06"]
[SourceVersion "1"]
[SourceVersionDate "2021.10.06"]
[SourceQuality "1"]
[WhiteTeam "Steele/Kray Rochade"]
[BlackTeam "Horst Emscher"]
[WhiteTeamCountry "GER"]
[BlackTeamCountry "GER"]

1. e4 c5 2. Nf3 Nc6 3. d4 cxd4 4. Nxd4 d6 5. Nc3 Nf6 6. Bg5 a6 7. Qd2 Nxd4 8. Qxd4 Qa5 9. f4 h6 10. Bxf6 gxf6 11. 0-0-0 Bd7 12. Bc4 Bc6 13. g3 Rc8 14. Bb3 Bg7 15. Rhf1 Qc5 16. Qxc5 dxc5 17. e5 fxe5 18. fxe5 e6 19. Rde1 b5 20. a4 c4 21. axb5 axb5 22. Ba2 Ke7 23. b4 cxb3 24. Bxb3 Bd7 25. Re3 Rc5 26. Rfe1 Rhc8 27. Kd2 h5 28. Ne2 Bxe5 29. Nf4 Bxf4 30. gxf4 Rf5 31. Re5 Rxe5 32. Rxe5 f5 33. Re3 Kf6 34. Rd3 Ke7 35. Re3 Rg8 36. Rh3 Rh8 37. Kc3 h4 38. Kd4 Kd6 39. c4 bxc4 40. Bxc4 Rh6 41. Ra3 Rg6 42. Rh3 Rg4 43. Ke3 e5 44. fxe5+ Kxe5 45. Be2 Ra4 46. Kf2 Kf6 47. Rc3 Kg5 48. Rc7 Be6 49. Rc5 Kf4 50. Rc1 Ra2 51. Rc7 Bd5 52. Rc3 Bb7 53. Rc4+ Kg5 54. Rc1 Ba6 55. Rg1+ Kf4 56. Re1 h3 57. Kf1 Rxe2 58. Rxe2 Kf3 0-1

[Event "NRW Verbandsliga Group2 1314"]
[Site "Nordrheinwestfalen"]
[Date "2014.03.09"]
[Round "8"]
[White "Folke, Christof"]
[Black "Rogge, Uwe"]
[Result "1/2-1/2"]
[WhiteElo "1846"]
[BlackElo "1651"]
[PlyCount "37"]
[EventDate "2013.09.08"]
[EventType "team-tourn"]
[EventRounds "9"]
[EventCountry "GER"]
[SourceTitle "EXT 2020"]
[Source "ChessBase"]
[SourceDate "2019.10.17"]
[SourceVersion "1"]
[SourceVersionDate "2019.10.17"]
[SourceQuality "1"]
[WhiteTeam "Rochade Steele/Kray"]
[BlackTeam "Osterfeld Schwarze Dame"]
[WhiteTeamCountry "GER"]
[BlackTeamCountry "GER"]

1. e4 e5 2. Nf3 Nc6 3. Bb5 Nf6 4. 0-0 Nxe4 5. d4 Nd6 6. Bxc6 dxc6 7. dxe5 Nf5 8. Qxd8+ Kxd8 9. Nc3 h6 10. Ne4 Be6 11. b3 b6 12. c4 Kc8 13. Bb2 Kb7 14. Rfd1 c5 15. g3 Ne7 16. Kg2 Nc6 17. h3 Be7 18. Nc3 Rhd8 19. Rac1 1/2-1/2

[Event "NRW Verbandsliga Group2 1314"]
[Site "Nordrheinwestfalen"]
[Date "2013.11.24"]
[Round "4"]
[White "Luek, Harald"]
[Black "Folke, Christof"]
[Result "0-1"]
[WhiteElo "1883"]
[BlackElo "1846"]
[PlyCount "101"]
[EventDate "2013.09.08"]
[EventType "team-tourn"]
[EventRounds "9"]
[EventCountry "GER"]
[SourceTitle "EXT 2020"]
[Source "ChessBase"]
[SourceDate "2019.10.17"]
[SourceVersion "1"]
[SourceVersionDate "2019.10.17"]
[SourceQuality "1"]
[WhiteTeam "Bochum-Linden"]
[BlackTeam "Rochade Steele/Kray"]
[WhiteTeamCountry "GER"]
[BlackTeamCountry "GER"]

1. c4 e5 2. g3 Nc6 3. Bg2 f5 4. e3 Nf6 5. Nc3 g6 6. Nge2 Bg7 7. b3 0-0 8. Bb2 d6 9. 0-0 e4 10. f3 exf3 11. Bxf3 Ne5 12. Bg2 Nd3 13. Rb1 Nxb2 14. Rxb2 Re8 15. Rc2 c6 16. Nf4 Re7 17. Re1 Qe8 18. Qc1 g5 19. Nh3 Qg6 20. Nf2 f4 21. e4 fxg3 22. hxg3 Nh5 23. Ne2 Be5 24. d3 Nxg3 25. Nxg3 Bxg3 26. Ree2 Bd7 27. Qd1 h5 28. d4 g4 29. Qd3 h4 30. e5 Bf5 31. Be4 Bxe4 32. Qxe4 Qxe4 33. Rxe4 dxe5 34. dxe5 Bxe5 35. Nxg4 Rg7 36. Rxe5 Rxg4+ 37. Rg2 Rxg2+ 38. Kxg2 Kf7 39. Rh5 Rg8+ 40. Kh3 Rg7 41. Rxh4 Ke6 42. Rg4 Rxg4 43. Kxg4 Ke5 44. Kg5 Kd4 45. Kf6 Kc3 46. Ke6 Kb2 47. Kd6 Kxa2 48. b4 Kb3 49. Kc5 Ka4 50. b5 cxb5 51. cxb5 0-1

[Event "NRW Verbandsliga Group2 1314"]
[Site "Nordrheinwestfalen"]
[Date "2013.11.03"]
[Round "3"]
[White "Folke, Christof"]
[Black "Bachmann, Rolf"]
[Result "1-0"]
[WhiteElo "1846"]
[BlackElo "1830"]
[PlyCount "44"]
[EventDate "2013.09.08"]
[EventType "team-tourn"]
[EventRounds "9"]
[EventCountry "GER"]
[SourceTitle "EXT 2020"]
[Source "ChessBase"]
[SourceDate "2019.10.17"]
[SourceVersion "1"]
[SourceVersionDate "2019.10.17"]
[SourceQuality "1"]
[WhiteTeam "Rochade Steele/Kray"]
[BlackTeam "Hamm SVg"]
[WhiteTeamCountry "GER"]
[BlackTeamCountry "GER"]

1. e4 c5 2. Nf3 d6 3. d4 cxd4 4. Nxd4 Nc6 5. Nc3 Nf6 6. Bg5 Qb6 7. Nb3 a5 8. a4 Be6 9. Bb5 Bxb3 10. cxb3 e6 11. Be3 Qc7 12. Rc1 d5 13. exd5 Rd8 14. Qf3 Nxd5 15. Nxd5 Rxd5 16. 0-0 Be7 17. Rfd1 Rxd1+ 18. Rxd1 0-0 19. Rc1 Rc8 20. Bxc6 bxc6 21. g3 Bd6 22. Rc2 g6 1-0

[Event "Ruhrgebiet VK2 1213"]
[Site "Nordrheinwestfalen"]
[Date "2013.02.24"]
[Round "7"]
[White "Budde, Uwe"]
[Black "Folke, Christof"]
[Result "0-1"]
[WhiteElo "1839"]
[BlackElo "1816"]
[PlyCount "86"]
[EventDate "2012.09.02"]
[EventType "team-tourn"]
[EventRounds "9"]
[EventCountry "GER"]
[SourceTitle "EXT 2020"]
[Source "ChessBase"]
[SourceDate "2019.10.17"]
[SourceVersion "1"]
[SourceVersionDate "2019.10.17"]
[SourceQuality "1"]
[WhiteTeam "Boenen SV"]
[BlackTeam "Rochade Steele/Kray"]
[WhiteTeamCountry "GER"]
[BlackTeamCountry "GER"]

1. Nf3 Nf6 2. d3 d5 3. c3 g6 4. Bg5 Bg7 5. Nbd2 Nc6 6. e4 0-0 7. Be2 e5 8. 0-0 Qd6 9. h3 Be6 10. Nh2 h6 11. Bh4 Nd7 12. g4 f5 13. gxf5 gxf5 14. exd5 Bxd5 15. Bf3 Nc5 16. Nc4 Bxf3 17. Qxf3 Qxd3 18. Ne3 f4 19. Qd5+ Qxd5 20. Nxd5 Ne6 21. Ng4 Kh8 22. f3 Rf7 23. Rad1 Ng5 24. Bxg5 hxg5 25. Nf2 Rd8 26. Rd3 Rfd7 27. Rfd1 e4 28. fxe4 Ne5 29. Rd4 Nf3+ 30. Kf1 Nxd4 31. cxd4 c6 32. Nc3 Bxd4 33. Re1 Kg7 34. e5 Bxf2 35. Kxf2 Rd2+ 36. Kf3 Rxb2 37. Ne4 Rd3+ 38. Kg4 Kg6 39. Nxg5 Rg2+ 40. Kxf4 Rxg5 41. e6 Rd8 42. e7 Rf5+ 43. Kg4 Re8 0-1

[Event "Ruhrgebiet VK2 1112"]
[Site "Nordrheinwestfalen"]
[Date "2012.03.25"]
[Round "8"]
[White "Weinert, Christian"]
[Black "Folke, Christof"]
[Result "1-0"]
[WhiteElo "1904"]
[BlackElo "1858"]
[PlyCount "57"]
[EventDate "2012.09.18"]
[EventType "team-tourn"]
[EventRounds "9"]
[EventCountry "GER"]
[SourceTitle "EXT 2020"]
[Source "ChessBase"]
[SourceDate "2019.10.17"]
[SourceVersion "1"]
[SourceVersionDate "2019.10.17"]
[SourceQuality "1"]
[WhiteTeam "Mengede SG"]
[BlackTeam "Rochade Steele/Kray"]
[WhiteTeamCountry "GER"]
[BlackTeamCountry "GER"]

1. d4 Nf6 2. Bg5 Ne4 3. Bf4 d5 4. e3 g6 5. Bd3 f5 6. Be5 Rg8 7. Nd2 Nd7 8. Bf4 Ndf6 9. f3 Nxd2 10. Qxd2 e6 11. 0-0-0 Bd6 12. Bg5 Qe7 13. e4 dxe4 14. fxe4 fxe4 15. Bc4 Qg7 16. Ne2 Nd5 17. Ng3 Kd7 18. Nxe4 Rf8 19. Nxd6 cxd6 20. Bh6 Qe7 21. Bxf8 Qxf8 22. Rhf1 Qg7 23. Bxd5 exd5 24. Qa5 Kc6 25. Rd3 Qh6+ 26. Kb1 Bf5 27. Rc3+ Kd7 28. Qc7+ Ke6 29. g4 1-0

[Event "Ruhrgebiet VK2 1112"]
[Site "Nordrheinwestfalen"]
[Date "2012.02.12"]
[Round "6.6"]
[White "Behler, Nils"]
[Black "Folke, Christof"]
[Result "0-1"]
[WhiteElo "1694"]
[BlackElo "1858"]
[PlyCount "110"]
[EventDate "2012.09.18"]
[EventType "team-tourn"]
[EventRounds "9"]
[EventCountry "GER"]
[SourceTitle "EXT 2020"]
[Source "ChessBase"]
[SourceDate "2019.10.17"]
[SourceVersion "1"]
[SourceVersionDate "2019.10.17"]
[SourceQuality "1"]
[WhiteTeam "Dortmund FS 98 II"]
[BlackTeam "Rochade Steele/Kray"]
[WhiteTeamCountry "GER"]
[BlackTeamCountry "GER"]

1. e4 c5 2. Nf3 Nc6 3. d4 cxd4 4. Nxd4 g6 5. Be3 Bg7 6. Nc3 Nf6 7. f3 0-0 8. Qd2 d5 9. Nxc6 bxc6 10. Rd1 Bb7 11. e5 Nd7 12. f4 e6 13. Na4 f6 14. Nc5 Nxc5 15. Bxc5 Re8 16. Qb4 Bc8 17. Bd6 fxe5 18. fxe5 Qg5 19. Qc3 Bd7 20. Qd2 Qh4+ 21. Qf2 Qxf2+ 22. Kxf2 Bf8 23. c4 Bxd6 24. exd6 Rab8 25. Rd2 Bc8 26. c5 e5 27. Be2 Rb4 28. Re1 Rf4+ 29. Kg1 Kg7 30. a3 h5 31. Bd3 e4 32. Rde2 Ref8 33. Bxe4 dxe4 34. Rxe4 Rxe4 35. Rxe4 Bf5 36. Re7+ Rf7 37. Rc7 Rxc7 38. dxc7 Kf7 39. Kf2 Ke7 40. Ke3 Kd7 41. Kd4 Kxc7 42. h4 a6 43. b4 Bc2 44. Ke5 Kd7 45. Kf6 Bd3 46. Kf7 Bf5 47. Kf6 Ke8 48. a4 Bd3 49. Ke6 Be4 50. g3 Kd8 51. Ke5 Bc2 52. a5 Kd7 53. Kf6 Bf5 54. Ke5 Ke7 55. Kd4 Ke6 0-1

[Event "Ruhrgebiet VK2 1112"]
[Site "Nordrheinwestfalen"]
[Date "2011.12.11"]
[Round "4"]
[White "Masberg, Stefan"]
[Black "Folke, Christof"]
[Result "1-0"]
[WhiteElo "1899"]
[BlackElo "1858"]
[PlyCount "105"]
[EventDate "2012.09.18"]
[EventType "team-tourn"]
[EventRounds "9"]
[EventCountry "GER"]
[SourceTitle "EXT 2020"]
[Source "ChessBase"]
[SourceDate "2019.10.17"]
[SourceVersion "1"]
[SourceVersionDate "2019.10.17"]
[SourceQuality "1"]
[WhiteTeam "Bottrop SV"]
[BlackTeam "Rochade Steele/Kray"]
[WhiteTeamCountry "GER"]
[BlackTeamCountry "GER"]

1. e4 c5 2. Nf3 Nc6 3. d4 cxd4 4. Nxd4 Nf6 5. Nc3 e5 6. Ndb5 d6 7. Bg5 a6 8. Na3 b5 9. Bxf6 gxf6 10. Nd5 f5 11. Bd3 Be6 12. c3 Rg8 13. g3 Bxd5 14. exd5 Ne7 15. Nxb5 e4 16. Qa4 Bh6 17. Nxd6+ Kf8 18. Nxf5 Nxf5 19. Bxe4 Nd6 20. 0-0 Qh4 21. Qc6 Rd8 22. Bg2 Qg5 23. Rad1 Rg6 24. Qc5 Kg8 25. Rde1 Bf8 26. Qe3 Qh5 27. Qf3 Qh6 28. Re5 f5 29. Rfe1 Qg7 30. Re6 Rxe6 31. Rxe6 Rd7 32. Qf4 Qf7 33. c4 Ne8 34. a3 a5 35. Bh3 Ng7 36. Re1 Bd6 37. Qd4 Rc7 38. Qd2 Rxc4 39. Qxa5 Rc8 40. Qa6 Rd8 41. Qc6 h5 42. b4 h4 43. Qc4 hxg3 44. hxg3 Re8 45. Rd1 Qa7 46. Qd3 Qf7 47. b5 Qh5 48. Bg2 Bxa3 49. d6 Rd8 50. Bf3 Qe8 51. Qxa3 Qxb5 52. Bd5+ Kf8 53. d7+ 1-0

[Event "Ruhrgebiet VK1 0910"]
[Site "Ruhrgebiet"]
[Date "2009.12.06"]
[Round "4.7"]
[White "Marx, Henning"]
[Black "Folke, Christof"]
[Result "1/2-1/2"]
[WhiteElo "1995"]
[BlackElo "1854"]
[PlyCount "24"]
[EventDate "2009.09.06"]
[EventType "team"]
[EventRounds "9"]
[EventCountry "GER"]
[SourceTitle "EXT 2011"]
[Source "ChessBase"]
[SourceDate "2010.11.26"]
[SourceVersion "1"]
[SourceVersionDate "2010.11.26"]
[SourceQuality "1"]
[WhiteTeam "Hattingen"]
[BlackTeam "Rochade Steele/Kray"]
[WhiteTeamCountry "GER"]
[BlackTeamCountry "GER"]

1. d4 Nf6 2. Nf3 g6 3. Nc3 d5 4. Bf4 Bg7 5. e3 c5 6. Be2 0-0 7. Ne5 Nc6 8. h4 cxd4 9. exd4 Qb6 10. Nxc6 bxc6 11. Na4 Qa5+ 12. c3 Nd7 1/2-1/2

[Event "Ruhrgebiet VL2 0708"]
[Site "Germany"]
[Date "2008.04.27"]
[Round "9.8"]
[White "Folke, Christof"]
[Black "Maczkowiak, Thomas"]
[Result "1-0"]
[WhiteElo "1835"]
[BlackElo "1932"]
[PlyCount "43"]
[EventDate "2007.09.02"]
[EventType "team"]
[EventRounds "9"]
[EventCountry "GER"]
[SourceTitle "EXT 2009"]
[Source "ChessBase"]
[SourceDate "2008.11.26"]
[SourceVersion "1"]
[SourceVersionDate "2008.11.26"]
[SourceQuality "1"]
[WhiteTeam "Rochade Steele/Kray"]
[BlackTeam "Rochade Steele/Kray"]
[WhiteTeamCountry "GER"]
[BlackTeamCountry "GER"]

1. e4 c6 2. d4 d5 3. e5 Bf5 4. Nc3 e6 5. g4 Bg6 6. Nge2 h6 7. Nf4 Bh7 8. Be3 Nd7 9. Nh5 Bg6 10. Nf4 Bh7 11. Qd2 c5 12. dxc5 Nxe5 13. Bb5+ Nc6 14. 0-0-0 Qa5 15. Nfxd5 0-0-0 16. Bxc6 exd5 17. Bxd5 Be7 18. Qe2 Nf6 19. Bxf7 Bxc5 20. Bf4 Nd7 21. Be6 Qb6 22. Qe5 1-0